| 000 | 00479nam a22001697a 4500 | ||
|---|---|---|---|
| 003 | 0 | ||
| 005 | 20231221085114.0 | ||
| 008 | 231221b xxu||||| |||| 00| 0 eng d | ||
| 050 |
_aTR _bTa143 2013 |
||
| 082 |
_aTR _bTa143 2013 |
||
| 100 | _aPotter, Beatrix | ||
| 245 |
_aThe tale of Jemima Puddle-duck _cBeatrix Potter |
||
| 260 |
_aLondon _bF. Warne & Co. _cc2013. |
||
| 300 |
_a30 pages : _bcolored illustrations ; _c21cm. |
||
| 650 | _aChildrens stories. | ||
| 942 |
_2ddc _cBK |
||
| 999 |
_c365764 _d365764 |
||